Time Series Analysis (Record no. 609054)
[ view plain ]
| 000 -LEADER | |
|---|---|
| fixed length control field | 00434nam a22001457a 4500 |
| 020 ## - INTERNATIONAL STANDARD BOOK NUMBER | |
| International Standard Book Number | 9788178089607 |
| 040 ## - CATALOGING SOURCE | |
| Transcribing agency | nust |
| 082 ## - DEWEY DECIMAL CLASSIFICATION NUMBER | |
| Edition number | Third Edition |
| Classification number | 519.55 |
| Author Mark | BOX |
| 100 ## - MAIN ENTRY--PERSONAL NAME | |
| Personal name | Box.P.E. George |
| 9 (RLIN) | 122595 |
| 110 ## - MAIN ENTRY--CORPORATE NAME | |
| Corporate name or jurisdiction name as entry element | Jenkins. M Gwilym, Reinsel. C Gregory |
| 9 (RLIN) | 122596 |
| 245 ## - TITLE STATEMENT | |
| Title | Time Series Analysis |
| Remainder of title | Forecasting and Control |
| 260 ## - PUBLICATION, DISTRIBUTION, ETC. | |
| Place of publication, distribution, etc. | New Delh: |
| Name of publisher, distributor, etc. | Pearson Education, Inc, |
| Date of publication, distribution, etc. | 2003. |
| 650 ## - SUBJECT ADDED ENTRY--TOPICAL TERM | |
| Topical term or geographic name entry element | Time Series Analysis |
| 942 ## - ADDED ENTRY ELEMENTS (KOHA) | |
| Source of classification or shelving scheme | |
| Koha item type | Book |
| Withdrawn status | Lost status | Source of classification or shelving scheme | Damaged status | Not for loan | Permanent Location | Current Location | Shelving location | Date acquired | Total Checkouts | Full call number | Barcode | Date last seen | Price effective from | Koha item type |
|---|---|---|---|---|---|---|---|---|---|---|---|---|---|---|
| College of Electrical & Mechanical Engineering (CEME) | College of Electrical & Mechanical Engineering (CEME) | General Stacks | 05/13/2024 | 519.55 BOX | CEME-40290 | 05/13/2024 | 05/13/2024 | Book |
